| 000 | 00782nam a2200253 u 4500 | ||
|---|---|---|---|
| 005 | 20210223132719.0 | ||
| 008 | 150902s2007 r 000 0 eng d | ||
| 020 | _a8498149142 | ||
| 020 | _a9788498149142 | ||
| 035 | _aUPN01000205561 | ||
| 049 | _aCG | ||
| 050 | 4 |
_aNC825 R5.6 _bT4.3 |
|
| 100 | 1 |
_aThompson, Keith, _d1982- _938278 |
|
| 245 | 1 | 0 |
_aCómo dibujar y pintar 50 Robots / _cKeith Thompson. |
| 260 |
_aBarcelona, Esp. : _bNorma, _c2007. |
||
| 300 |
_a128 p. : _bprincipalmente il. algunas col. |
||
| 440 | 0 | _aLibros técnicos. | |
| 440 | 0 | _aCómo dibujar y pintar | |
| 534 |
_pTítulo original : _t50 Robots to draw & paint |
||
| 650 | 4 |
_aROBOTS EN EL ARTE _924574 |
|
| 650 | 4 |
_aDIBUJO - _xTECNICA _923956 |
|
| 650 | 4 |
_aPINTURA - _xTECNICA _922214 |
|
| 905 | _aLibro | ||
| 999 |
_c177662 _d177662 |
||